Vainqueurs du trophée du joueur de l'année UEFA - Statistiques

Statistiques générales
  • Ce quiz a été pris 324 fois
    46 depuis la dernière actualisation
  • Le résultat moyen est 17 sur 26
Statistiques - réponses
Hint Réponse % Correct
2008 Cristiano Ronaldo
100%
2014 Cristiano Ronaldo
100%
2016 Cristiano Ronaldo
100%
2017 Cristiano Ronaldo
100%
1998 Ronaldo
100%
2009 Lionel Messi
98%
2011 Lionel Messi
98%
2015 Lionel Messi
98%
2022 Karim Benzema
90%
2002 Zinédine Zidane
88%
2020 Robert Lewandowski
85%
2018 Luka Modrić
83%
2007 Kaka
78%
2006 Ronaldinho
75%
2012 Andres Iniesta
70%
2013 Franck Ribéry
70%
2023 Erling Haaland
68%
2019 Virgil van Dijk
60%
2003 Gianluigi Buffon
40%
2021 Jorginho
28%
1999 David Beckham
23%
2004 Deco
20%
2005 Steven Gerrard
20%
2010 Diego Milito
8%
2000 Fernando Redondo
0%
2001 Stefan Effenberg
0%
Aucun quiz correspondant
Distribution des résultats
% des personnes avec chaque résultat
Percentile par nombre de réponses
Votre historique - résultats
Vous n’avez pas pris ce quiz depuis la dernière actualisation